LEADER 02631oas 2201093 a 450 001 9910216947003321 005 20260112213013.0 011 $a1751-7648 035 $a(DE-599)ZDB2037313-2 035 $a(OCoLC)60622478 035 $a(CONSER) 2026207014 035 $a(CKB)111006902712096 035 $a(EXLCZ)99111006902712096 100 $a20050614a19999999 sy a 101 0 $aeng 135 $aurun||||||||| 181 $ctxt$2rdacontent 182 $cc$2rdamedia 183 $acr$2rdacarrier 200 10$aStructural concrete $ejournal of the FIB 210 $aLondon $cThomas Telford 210 3 $a[Hoboken, NJ] $cJohn Wiley & Sons Ltd 215 $a1 online resource 300 $aRefereed/Peer-reviewed 311 08$aPrint version: Structural concrete (London, England) (DLC) 2002227101 (OCoLC)45155006 1464-4177 606 $aConcrete construction$vPeriodicals 606 $aConcrete$vPeriodicals 606 $aConstruction en be?ton$vPe?riodiques 606 $aBe?ton$vPe?riodiques 606 $aConcrete$2fast$3(OCoLC)fst00874126 606 $aConcrete construction$2fast$3(OCoLC)fst00874261 608 $aPeriodicals.$2fast 608 $aPeriodicals.$2lcgft 615 0$aConcrete construction 615 0$aConcrete 615 6$aConstruction en be?ton 615 6$aBe?ton 615 7$aConcrete. 615 7$aConcrete construction. 676 $a624.1834105 686 $aVX 75$2blsrissc 712 02$aFe?de?ration internationale du be?ton, 801 0$bOCLCS 801 1$bOCLCS 801 2$bOCLCQ 801 2$bLND 801 2$bOCLCO 801 2$bOCLCQ 801 2$bOCLCF 801 2$bOCLCQ 801 2$bJ9U 801 2$bUKBOL 801 2$bOCLCO 801 2$bOCLCQ 801 2$bDLC 801 2$bOCLCO 801 2$bUAB 801 2$bWT2 801 2$bRCE 801 2$bOCLCQ 801 2$bVT2 801 2$bOCLCQ 801 2$bWYU 801 2$bU3W 801 2$bOCLCQ 801 2$bAU@ 801 2$bOCLCQ 801 2$bEZC 801 2$bNLE 801 2$bRDF 801 2$bUKBTH 801 2$bUHL 801 2$bWURST 801 2$bUEJ 801 2$bOCLCQ 801 2$bUK7LJ 801 2$bSXB 801 2$bHS0 801 2$bEQF 801 2$bUWK 801 2$bOCLCQ 801 2$bUBY 801 2$bOCLCO 801 2$bOCLCQ 801 2$bSFB 801 2$bLIP 801 2$bAUD 801 2$bOCLCQ 801 2$bOCLCL 801 2$bDLC 906 $aJOURNAL 912 $a9910216947003321 996 $aStructural concrete$9881236 997 $aUNINA LEADER 01460nas 2200433 c 450 001 9910896415803321 005 20260218111655.0 035 $a(DE-599)ZDB3008618-8 035 $a(OCoLC)1347499949 035 $a(DE-101)1204875774 035 $a(CKB)5860000000083164 035 $a(DE-599)3008618-8 035 $a(EXLCZ)995860000000083164 100 $a20200217a20209999 |y | 101 0 $ager 135 $aur||||||||||| 181 $ctxt$2rdacontent 182 $cc$2rdamedia 183 $acr$2rdacarrier 200 10$aKirchliches Amtsblatt der Evangelischen Kirche von Westfalen$hTeil 2 210 31$aBielefeld$cEvangelische Kirche von Westfalen, Landeskirchenamt$d2020- 215 $aOnline-Ressource 300 $aGesehen am 30.09.2022 606 $aKirchenrecht$3(DE-588)4030746-3$3https://d-nb.info/gnd/4030746-3$3(DE-101)040307468$9rswk-swf$2gnd 606 $aKirchenverwaltung$3(DE-588)4133860-1$3https://d-nb.info/gnd/4133860-1$3(DE-101)04133860X$9rswk-swf$2gnd 608 $aZeitschrift$2gnd-content 615 7$aKirchenrecht. 615 7$aKirchenverwaltung. 676 $a230 686 $aEvangelische Kirche von Westfalen$2nwbib 686 $aKirchenrecht$2nwbib 686 $aKirchenverwaltung$2nwbib 801 0$b9001 801 1$bDE-101 801 2$b9999 906 $aJOURNAL 912 $a9910896415803321 996 $aKirchliches Amtsblatt der Evangelischen Kirche von Westfalen$94216246 997 $aUNINA